Funciones y aplicaciones de sistemas agroforestales / (Registro nro. 5344)

Detalles MARC
000 -CABECERA
Campo de control 00847nam a2200241 a 4500
005 - FECHA Y HORA DE LA ULTIMA TRANSACCION
Campo de control 20200104041558.0
008 - ELEMENTOS DE LONGITUD FIJA—INFORMACION GENERAL
Campo de control 140319b2001 cr a | |||| 00| 0 spa d
020 ## - ISBN
ISBN 9977573689
040 ## - FUENTE DE CATALOGACIÓN
Agencia catalogadora original CO-BoIAVH
Agencia transcriptora CO-BoIAVH
041 0# - IDIOMA
Código de idioma para texto/pista de sonido o título separado Español
044 ## - PAÍS DE PUBLICACIÓN
País de publicación Costa Rica
082 04 - NUMERO DE CLASIFICACION DECIMAL DEWEY
Número de clasificación 634.99
Número del ítem F97a
245 10 - MENCION DE TITULO
Título Funciones y aplicaciones de sistemas agroforestales /
Mención de responsabilidad editores : Francisco Jiménez, Reinhold Muschler, Edgar Köspel.
260 ## - PUBLICACION, DISTRIBUCION, ETC. (PIE DE IMPRENTA)
Lugar de publicación, distribución, etc. Turrialba (Costa Rica) :
Nombre del editor, distribuidor, etc. CATIE :
-- GTZ,
Fecha de publicación, distribución, etc. 2001.
300 ## - DESCRIPCION FISICA
Extensión 187 páginas :
Otros detalles físicos ilustraciones, gráficas ;
Dimensiones 27 x 22 cm.
650 #6 - ASIENTO SECUNDARIO DE MATERIA - TERMINO TEMATICO
Término temático o nombre geográfico como elemento de entrada Agroforesteria
9 (RLIN) 476
650 #6 - ASIENTO SECUNDARIO DE MATERIA - TERMINO TEMATICO
Término temático o nombre geográfico como elemento de entrada Agricultura sostenible
9 (RLIN) 210
650 #6 - ASIENTO SECUNDARIO DE MATERIA - TERMINO TEMATICO
Término temático o nombre geográfico como elemento de entrada Agroforesteria
Subdivisión general conservación
9 (RLIN) 58581
700 1# - ASIENTO SECUNDARIO - NOMBRE PERSONAL
Nombre personal Jiménez, Francisco
Término de relación editor
9 (RLIN) 22904
700 1# - ASIENTO SECUNDARIO - NOMBRE PERSONAL
Nombre personal Muschler, Reinhold
Término de relación editor
9 (RLIN) 22905
700 1# - ASIENTO SECUNDARIO - NOMBRE PERSONAL
Nombre personal Köpsell, Edgar
Término de relación editor
9 (RLIN) 22906
942 ## - ELEMENTOS ADICIONALES (KOHA)
Tipo de ítem Libro
Sistema de clasificación Dewey Decimal Classification
Existencias
Withdrawn status Lost status Sistema de Clasificación Damaged status No para préstamo Colección Inventariado Ubicación Permanente Ubicación actual Fecha de adquisición Fuente de Valor Valor Total Checkouts Número topográfico Inventario / Código de Barras Date last seen Ejemplar Price effective from Forma de adquisición Tipo de material
    Dewey Decimal Classification     General Inventariado 2017 Bogotá Bogotá 13/10/2006 Instituto 39000.00   LB-634.99 F97a 023428 04/12/2012 Ej. 1 04/12/2012   Libro